00000000nam##2200000za#4500
0019.572902
003CaOODSP
00520230202144024
007cr |||||||||||
008150406|1999||||xxc|||||o    f|0| 0 eng|d
040 |aCaOODSP|beng
043 |an-cn---
0861 |aH72-22/6-1998E-PDF
1102 |aNational Clearinghouse on Family Violence (Canada)‏.
24510|aAbuse and neglect of older adults |h[electronic resource]
250 |aRev.
260 |aOttawa - Ontario : |bHealth Canada. |cMarch 1999.
300 |a11p.|breferences
4901 |aInformation from the National Clearinghouse on Family Violence
500 |aThe catalogue number (H72-22/6-1998E) and ISBN (0-662-26878-4) for the print edition have been incorrectly copied in this electronic publication.
590 |a12-10-Supp|b2012-03-23
69007|aElder abuse|2gcpds
77508|tMauvais traitements et négligence à l'égard des aînés |w(CaOODSP)9.603148
7760#|tAbuse and neglect of older adults : |w(CaOODSP)9.614398
830#0|aInformation from the National Clearinghouse on Family Violence.|w(CaOODSP)9.504469
85640|ahttp://publications.gc.ca|qPDF|s37 KB|uhttps://publications.gc.ca/collections/Collection/H72-22-6-1998E.pdf